| 000 | 00876nam a2200193Ii 4500 | ||
|---|---|---|---|
| 003 | JO-AjNU | ||
| 008 | 230605s9999||||xx |||||||||||||| ||und|| | ||
| 040 |
_aJO-AjNU _bara _erda _cJO-AjNU |
||
| 041 | _aara | ||
| 050 | 1 | 4 | _aK1241.Z826.1982 |
| 100 | 3 |
_aإعداد محمد يوسف صالح الزعبي؛ إشراف عبد الودود يحيى، يوسف قاسم, _eauthor _946784 |
|
| 245 | 0 | 0 | _aعقد التأمين: دراسة مقارنة بين القانون الوضعي والفقه الإسلامي |
| 264 | 3 | 1 | _aد،م: د،ن، 1982 |
| 300 |
_a596ص _bرسالة جامعية (دكتوراة في القانون )-- جامعة القاهرة، كلية القانون 1982 |
||
| 336 |
_atext _btxt _2rdacontent |
||
| 337 |
_aunmediated _bn _2rdamedia |
||
| 338 |
_avolume _bnc _2rdacarrier |
||
| 650 | 4 |
_aالتأمين -- قوانين -- تشريعات _946785 |
|
| 999 |
_aA20378 _c23946 _d23946 |
||